00481 2200193 4500001002100000005001500021008004100036020002500077035001900102041000700121082001100128090001700139100001800156245004400174260001700218300002500235500001100260650001600271INLIS00000000000155220241224112354241224||||||||| | ||| |||| || |  aISBN 978-602-255-679 0010-1224001552 aid0 a321. 9 a321. 9 RAD t0 aRadis Bastian00aTumbal-Tumbal sang Diktator Korea Utara bPalapac2015 a272 hlm.; 14 x 20 cm aCet. 1 0aIlmu Sosial